Erkenne den Fußballspieler 3 - Statistiken

Allgemein
  • Dieses Quiz wurde 128 mal gespielt
  • Das Durchschnittsergebnis liegt bei 3 aus 5
Antwortstatistiken
Hint Antwort % Korrekt
LF,Belgien,Real Madrid Hazard
98%
ZM,Ghana,Arsenal Partey
70%
ST,Togo,Hoffenheim Bebou
63%
RV,Brasilien,(Icon) Alberto
27%
ST,Japan,Yokohama Miura
10%
Keine übereinstimmenden Quizze gefunden
Verteilung der Resultate
Anzahl Personen mit jedem Resultat
Perzentil nach korrekt beantworteten Fragen
Ihre Resultats-Entwicklung
Sie haben dieses Quiz noch nicht gespielt